Democracia política y presupuesto (Registro nro. 25534)

Detalles MARC
000 -LEADER
fixed length control field 00351 a2200121 4500
001 - CONTROL NUMBER
control field ART_11397
005 - DATE AND TIME OF LATEST TRANSACTION
control field 20260410161857.0
008 - FIXED-LENGTH DATA ELEMENTS--GENERAL INFORMATION
fixed length control field 260409a
100 1# - MAIN ENTRY--PERSONAL NAME
Personal name Barone, Sergio
245 10 - TITLE STATEMENT
Title Democracia política y presupuesto
700 1# - ADDED ENTRY--PERSONAL NAME
Personal name Sonnet, Fernando H.
773 0# - HOST ITEM ENTRY
Title Revista de Economía
Related parts - Nº 61 (oct./dic. 1990)
Record control number REV11077

No hay ítems disponibles.